Rectification versus alteration (Record no. 73314)
[ view plain ]
| 000 -LEADER | |
|---|---|
| fixed length control field | 01237cam a2200265 4500 |
| 001 - CONTROL NUMBER | |
| control field | ABS67013 |
| 008 - FIXED-LENGTH DATA ELEMENTS--GENERAL INFORMATION | |
| fixed length control field | 030901n2003 000 0 eng u |
| 035 ## - SYSTEM CONTROL NUMBER | |
| System control number | (Sirsi) u123422 |
| 100 ## - MAIN ENTRY--PERSONAL NAME | |
| Personal name | Skovron, J. |
| 245 ## - TITLE STATEMENT | |
| Title | Rectification versus alteration |
| 260 ## - PUBLICATION, DISTRIBUTION, ETC. | |
| Date of publication, distribution, etc. | 2003 |
| 490 ## - SERIES STATEMENT | |
| Series statement | Estates Gazette |
| Volume/sequential designation | (0334) 23 August 2003, 56-57(2) |
| 520 ## - SUMMARY, ETC. | |
| Summary, etc. | Considers how changes to registered titles will be made under the Land Registration Act 2002. Discusses the term registered proprietor as defined in the Act s131. Outlines the differences between rectification under the Land Registration Act 1925 and the Land Registration Rules 1995 and alteration under the 2002 Act. Examines "Johnson v Shaw" ([2003] EWCA Civ 894, [2004] 1 P&CR 10), in which the CA ordered rectification of the register in favour of S who held the paper title rather than to J, the registered proprietor in possession. |
| 590 ## - LOCAL NOTE (RLIN) | |
| Local note | ABS |
| 650 ## - SUBJECT ADDED ENTRY--TOPICAL TERM | |
| Topical term or geographic name entry element | JOHNSTON V SHAW |
| 650 ## - SUBJECT ADDED ENTRY--TOPICAL TERM | |
| Topical term or geographic name entry element | REGISTERED TITLE |
| 650 ## - SUBJECT ADDED ENTRY--TOPICAL TERM | |
| Topical term or geographic name entry element | LAND REGISTRATION ACT 2002 |
| 650 ## - SUBJECT ADDED ENTRY--TOPICAL TERM | |
| Topical term or geographic name entry element | LAND REGISTRATION ACT 1925 |
| 650 ## - SUBJECT ADDED ENTRY--TOPICAL TERM | |
| Topical term or geographic name entry element | LAND REGISTRATION RULES 1925 |
| 650 ## - SUBJECT ADDED ENTRY--TOPICAL TERM | |
| Topical term or geographic name entry element | RECTIFICATION |
| 650 ## - SUBJECT ADDED ENTRY--TOPICAL TERM | |
| Topical term or geographic name entry element | ALTERATION |
| 650 ## - SUBJECT ADDED ENTRY--TOPICAL TERM | |
| Topical term or geographic name entry element | REGISTERED PROPRIETOR |
| 690 ## - LOCAL SUBJECT ADDED ENTRY--TOPICAL TERM (OCLC, RLIN) | |
| Topical term or geographic name as entry element | PROPERTY |
| 942 ## - ADDED ENTRY ELEMENTS (KOHA) | |
| Suppress in OPAC | 0 |
| Withdrawn status | Lost status | Source of classification or shelving scheme | Damaged status | Not for loan | Home library | Current library | Shelving location | Date acquired | Total Checkouts | Full call number | Barcode | Date last seen | Copy number | Price effective from | Koha item type |
|---|---|---|---|---|---|---|---|---|---|---|---|---|---|---|---|
| Dewey Decimal Classification | London | London | Journal article | 01/09/2003 | ABS67013 | 123422-1001 | 06/08/2019 | 1 | 06/08/2019 | Journal article |